| 000 | 00633nam a22001817a 4500 | ||
|---|---|---|---|
| 005 | 20231228123747.0 | ||
| 008 | 231228b |||||||| |||| 00| 0 eng d | ||
| 020 | _a9788182900127 | ||
| 041 | _aEng. | ||
| 082 |
_a720.91 _bJAN |
||
| 100 | _aJain S. | ||
| 245 | _aHavelis: The Living Tradition | ||
| 260 |
_aHaryana, India _bShubhi Publications _c2020 |
||
| 300 |
_a196p _bHB _c30 x 21 cm |
||
| 365 |
_aINR _b3500.00 _cRupaye |
||
| 500 | _a1) Introducing the Place, Patrons and the Archetype 2) Haveli, Neighborhood and Town 3) Rituals and Spaces inside the Haveli 4) Composing the Haveli 5) Building the Haveli | ||
| 942 | _cBK | ||
| 999 |
_c356799 _d356799 |
||